Kuriózny koniec víťaznej série Veľká cena Monaka monopostov F1

Bibliographic Details
Format: Article
Language:Slovak
PhysicalDescription:Fotogr., tab.
ISSN:0139-7001
Subjects:

MARC

LEADER 00000nab a2200000 a 4500
001 vtls000874610
003 SK-MaSNL
005 20260303122048.0
008 180206c2004 xo 0 slo
015 |a SNBRB2004/06-16902 
035 |a CLN000226162 
040 |a SNKBUCL  |b slo  |c SNKBUCL  |e AACR2 
041 0 |a slo 
044 |a xo  |c SK 
080 |a 796.71.093.1  |2 UDC-MRF-SK2 
245 0 0 |a Kuriózny koniec víťaznej série  |b Veľká cena Monaka monopostov F1 
300 |b Fotogr., tab. 
611 1 7 |a Veľká cena Monaka monopostov F1  |d 2004  |2 snkbucl  |9 1136295 
650 0 7 |a automobilizmus  |2 snkbucl  |9 13242 
655 7 |a články z novín a časopisov  |2 snkbucl  |9 267496 
773 0 |x 0139-7001  |t Šport  |g Roč. 58, č. 122 (28.5.2004) 
773 0 |x 0139-7001  |t [Príl.] Šport extra  |g S. 26-28 
850 |a Slovenská národná knižnica v Martine 
852 |a SNK  |b KIS3GCP 
958 |a RBX 
999 |c 1918924  |d 1920854